Self-initiated expatriation : individual, organizational, and national perspectives /

Bibliographic Details
Corporate Author: ebrary, Inc
Other Authors: Andresen, Maike, 1971-, Al-Ariss, Akram, Walther, Matthias
Format: eBook
Language:English
Published: New York : Routledge, 2013.
Series:Routledge studies in international business and the world economy ; 54.
Subjects:
Online Access:Connect to the full text of this electronic book

MARC

Tag First Indicator Second Indicator Subfields
LEADER 00000cam a22000001a 4500
001 in00002782428
006 m||||||||d||||||||
007 cr |n|||||||||
008 121125s2013 nyua ob 001 0 eng d
005 20250816203750.0
020 |a 1136278761 (electronic bk.) 
020 |a 9781136278761 (electronic bk.) 
020 |z 9780415536455 (alk. paper) 
020 |z 0415536456 (alk. paper) 
035 |a (NhCcYBP)ebr10631095 
040 |a NhCcYBP  |c NhCcYBP  |d UtOrBLW 
050 4 |a JV2021  |b .S45 2013 
082 0 4 |a 304.8  |2 23 
245 0 0 |a Self-initiated expatriation :  |b individual, organizational, and national perspectives /  |c edited by Maike Andresen, Akram Al Ariss, and Matthias Walther. 
264 1 |a New York :  |b Routledge,  |c 2013. 
300 |a 1 online resource. 
336 |a text  |b txt  |2 rdacontent 
337 |a computer  |b c  |2 rdamedia 
338 |a online resource  |b cr  |2 rdacarrier 
490 1 |a Routledge studies in international business and the world economy ;  |v 54 
500 |a Description based on print version record. 
504 |a Includes bibliographical references and index. 
505 0 |a List of tables -- List of figures -- Acknowledgments -- Understanding the concept -- Introduction: self-initiated expatriation : individual, organizational, and national perspectives / Maike Andresen, Akram Al Ariss, Matthias Walther -- What distinguishes self-initiated expatriates from assigned expatriates and migrants? : a literature-based definition and differentiation of terms / Maike Andresen, Franziska Bergdolt, Jil Margenfeld -- Research on self-initiated expatriation: history and future directions / Michael Dorsch, Vesa Suutari, Chris Brewster -- Understanding the processes of self-initiated expatriation -- Motivation of self-initiated expatriates / Jean-Luc Cerdin -- Self-initiated expatriation and talent flow / Kaye Thorn, Kerr Inkson -- Differences in self-initiated- and organizational expatriates? cross-cultural adjustment / Vesa Peltokorpi, Fabian J. Froese -- Career concepts of self-initiated and assigned expatriates : a theoretical analysis based on coupling and configuration / Maike Andresen, Torsten Biemann -- Self-initiated expatriation : drivers, employment experience and career outcomes / Noeleen Doherty, Michael Dickmann -- Tax and salary issues in self-initiated expatriation / Thomas Egner -- Self-initiated repatriation at the interplay between field, capital, and habitus : an analysis based on bourdieu?s theory of practice / Maike Andresen, Matthias Walther -- Understanding the groups undertaking self-initiated foreign experiences -- Volunteering abroad : a career-related analysis of international development aid workers / Maike Andresen, Tanja Gustschin -- Self-initiated expatriation in academia : a bounded and boundaryless career? / Julia Richardson -- Self-initiated career characteristics of danish expatriated engineers / Torben Andersen, Erling Rasmussen -- Ethnic minority migrants or self-initiated expatriates? : questioning assumptions in international management studies / Akram Al Ariss -- List of contributors -- Index. 
588 |a Description based on print version record. 
500 |a Electronic resource. 
650 0 |a Emigration and immigration. 
650 0 |a Exiles. 
650 0 |a Expatriation. 
655 7 |a Electronic books.  |2 local 
700 1 |a Andresen, Maike,  |d 1971- 
700 1 |a Al-Ariss, Akram. 
700 1 |a Walther, Matthias. 
710 2 |a ebrary, Inc. 
776 1 8 |c Original  |z 9780415536455  |z 0415536456  |w (DLC) 2012012277 
830 0 |a Routledge studies in international business and the world economy ;  |v 54. 
856 4 0 |u https://ebookcentral.proquest.com/lib/tamucs/detail.action?docID=1075163  |y Connect to the full text of this electronic book  |t 0 
955 |a PDA YBP record 
999 f f |s 47fa6430-ac39-3cff-9852-aa5feb326149  |i 4cca9ee7-7045-36f9-ba78-f201d162f21b  |t 0 
999 |a MARS 
952 f f |a Texas A&M University  |b College Station  |c Electronic Resources  |d Available Online  |t 0  |e JV2021 .S45 2013  |h Library of Congress classification 
998 f f |a JV2021 .S45 2013  |t 0  |l Available Online